00424nam a22001337a 4500003000500000008004100005020001500046038001800061082001000079100004200089245011100131260002500242538002300267NUST150522b xxu||||| |||| 00| 0 eng d a8178081083 aNusrat Nadeem a006.3 aFreedman, James A. / David M. Skapura aNeural Networks Algorithms, Application, and programming TechniquesbFreedman, James A. / David M. Skapura aIndiabPEARSONc1991 iSupercomputing Lab